| 000 | 00952nam a22003017a 4500 | ||
|---|---|---|---|
| 003 | AR-RoUNA | ||
| 005 | 20241112154320.0 | ||
| 008 | 241112b |||||||| |||| 00| 0 spa d | ||
| 020 | _a8470510509 | ||
| 040 |
_aAR-RoUNA _bspa _dAR-RoUNA |
||
| 041 |
_aspa _hspa |
||
| 044 | _aag | ||
| 100 | 1 |
_aRusch, Hubert _926781 |
|
| 245 | 1 |
_aHormigon armado y hormigon pretensado : _bpropiedades de los materiales y procedimientos de calculo / _c Hubert Rüsch _n T.1 |
|
| 250 | _a1a. ed. | ||
| 260 |
_aBarcelona : _bCompañía Editorial Continental, _c1975 |
||
| 300 |
_a417 p.: _bDiagrs. _c24x18 cm |
||
| 650 | 4 | _aHormigon armado | |
| 650 | 4 | _aHormigon pretensado | |
| 650 | 4 | _aMateriales de construccion | |
| 650 | 4 | _aCalculos | |
| 653 | _aNormas DIN (Deutsches Institut für Normung) | ||
| 908 | _aImp | ||
| 930 | _e3915 | ||
| 942 |
_2ddc _cLIB |
||
| 945 |
_aMIA _d2024-11-12 |
||
| 980 |
_61 _aMaricel Allasia _81 _gMaricel Allasia |
||
| 999 |
_c11688 _d11688 |
||